| 000 | 00398nam a22001217a 4500 | ||
|---|---|---|---|
| 082 | _aTHE 200 | ||
| 100 |
_aREHAN ASAD _972543 |
||
| 245 | _aTH-SOF-0907-ANALYSING THE ROLE OF SMALL AND MEDIUM ENTERPRISES FOR ECONOMIC DEVELOPMENT OF | ||
| 260 |
_aNUST COLLEGE OF EME _bISLAMABAD _c2001 |
||
| 650 |
_aMS-EM-6 MSTHESIS _970416 |
||
| 700 |
_aDR AKHTAR NAWAZ MALIK, DR SHAHID RASHEED _972544 |
||
| 942 | _cCF | ||
| 999 |
_c578542 _d578542 |
||